| 000 | 00681 a2200229 4500 | ||
|---|---|---|---|
| 999 |
_c532413 _d532413 |
||
| 003 | NUST | ||
| 005 | 20191120112213.0 | ||
| 008 | 191120b ||||| |||| 00| 0 eng d | ||
| 020 | _a0750627670 | ||
| 020 | _a9780750627672 | ||
| 038 | _aMSOHAIL | ||
| 082 | 0 | 4 | _a532 |
| 100 | 1 |
_aLandau, L D. _925900 |
|
| 245 | 1 | 0 |
_aFluid mechanics, second edition : _b. _nVolume 6 / _cL D Landau, E.M. Lifshitz. |
| 250 | _a2nd ed. | ||
| 260 |
_a[S.l.] : _bButterworth-Heinemann, _c1959. |
||
| 300 |
_a552 p. ; _c25 cm. |
||
| 490 | 1 | _aCourse of theoretical physics. | |
| 700 | 1 |
_aLifshitz, E.M. _925901 |
|
| 830 | 0 |
_aCourse of theoretical physics. _925902 |
|
| 942 |
_aSNS _cBK _k620.106 LAN _2ddc |
||